书目信息 |
| 题名: |
接地技术话安全
|
|
| 作者: | 王常余 著 | |
| 分册: | ||
| 出版信息: | 北京 中国电力出版社 2008.01 |
|
| 页数: | 122页 | |
| 开本: | 19cm | |
| 丛书名: | ||
| 单 册: | ||
| 中图分类: | TM92-49 | |
| 科图分类: | ||
| 主题词: | 漏电保护--lou dian bao hu--通俗读物 | |
| 电子资源: | ||
| ISBN: | 978-7-5083-5272-5 | |
| 000 | 00926nam0 2200241 450 | |
| 001 | 012008013612 | |
| 005 | 20080610160107.98 | |
| 010 | @a978-7-5083-5272-5@dCNY10.00 | |
| 100 | @a20080610d2008 em y0chiy0120 ea | |
| 101 | 0 | @achi |
| 102 | @aCN@b110000 | |
| 105 | @aa z 000yy | |
| 106 | @ar | |
| 200 | 1 | @a接地技术话安全@Ajie di ji shu hua an quan@e接地安全与触电事故分析@f王常余著@Fwang chang yu zhu |
| 210 | @a北京@c中国电力出版社@d2008.01 | |
| 215 | @a122页@d19cm | |
| 330 | @a本书采用小说体裁,有情节、有点评,生动通俗,贴近生活。本书借用主人公达旦的经历,以24个小故事引出生活和工作中遇到的接地问题及其引起的触电事故,并指出错误之处和正确做法等。 | |
| 517 | 1 | @a接地安全与触电事故分析@Ajie di an quan yu chu dian shi gu fen xi |
| 606 | 0 | @a漏电保护@Alou dian bao hu@j通俗读物 |
| 690 | @aTM92-49@v4 | |
| 701 | 0 | @a王常余@Awang chang yu@4著 |
| 801 | 0 | @aCN@bQSSK@c20080610 |
| 905 | @b725514-15@dTM92-49@eW128@f2 | |
| 接地技术话安全:接地安全与触电事故分析/王常余著.-北京:中国电力出版社,2008.01 |
| 122页;19cm |
| ISBN 978-7-5083-5272-5:CNY10.00 |
| 本书采用小说体裁,有情节、有点评,生动通俗,贴近生活。本书借用主人公达旦的经历,以24个小故事引出生活和工作中遇到的接地问题及其引起的触电事故,并指出错误之处和正确做法等。 |
| ● |
| 相关链接 |
|
|
|
正题名:接地技术话安全
索取号:TM92-49/W128
 
预约/预借
| 序号 | 登录号 | 条形码 | 馆藏地/架位号 | 状态 | 备注 |
| 1 | 725514 | 207255147 | 自科库301/301自科库 20排3列5层/ [索取号:TM92-49/W128] | 在馆 | |
| 2 | 725515 | 207255156 | 自科库301/301自科库 20排3列5层/ [索取号:TM92-49/W128] | 在馆 |